| 000 | 00000nam 2200000zi 4500 |
| 001 | 9.947296 |
| 003 | CaOODSP |
| 005 | 20250123105526 |
| 006 | m o d f |
| 007 | cr mn||||||||| |
| 008 | 250123s1977 oncd obs f000 0 fre d |
| 040 | |aCaOODSP|bfre|erda|cCaOODSP |
| 043 | |an-cn--- |
| 086 | 1 |aId40-6/1977F-PDF |
| 245 | 00|aDonnées statistiques de l'industrie canadienne des jeux et jouets. |
| 246 | 34|aDonnées statistiques de l'industrie des jeux et jouets au Canada |
| 264 | 1|aOttawa : |bDirection des Textiles et des produits de consommation, Ministère de l'Industrie et Commerce, |c1977. |
| 300 | |a1 ressource en ligne (87 pages) : |bgraphiques |
| 336 | |atexte|btxt|2rdacontent/fre |
| 337 | |ainformatique|bc|2rdamedia/fre |
| 338 | |aressource en ligne|bcr|2rdacarrier/fre |
| 500 | |aÉdition numérisée de l'imprimé [par Innovation, sciences et développement économique Canada]. |
| 500 | |aPublié aussi en anglais sous le titre : A statistical profile of the toy and game industry. |
| 504 | |aComprend des références bibliographiques. |
| 650 | 6|aJouets|xIndustrie|zCanada|vStatistiques. |
| 655 | 7|aStatistiques|2rvmgf |
| 710 | 1 |aCanada. |bMinistère de l'industrie et du commerce, |eorganisme de publication. |
| 775 | 08|tA statistical profile of the toy and game industry.|w(CaOODSP)9.938544 |
| 856 | 40|qPDF|s2.51 Mo|uhttps://publications.gc.ca/collections/collection_2025/isde-ised/Id40-6-1977-fra.pdf |